Library of the University of Algiers 3
Ibrahim Sultan Cheibout
شعار جامعة الجزائر 3
مكتبة جامعة الجزائر 3
إبراهيم سلطان شيبوط

مسؤولية المنتج في القوانين المدنية و الاتفاقيات الدولية / (رقم التسجيلة. 41909)

تفاصيل مارك
000 -LEADER
fixed length control field 02601nam a2200241Ia 4500
003 - CONTROL NUMBER IDENTIFIER
control field Ost
005 - DATE AND TIME OF LATEST TRANSACTION
control field 20260507074939.0
008 - FIXED-LENGTH DATA ELEMENTS--GENERAL INFORMATION
fixed length control field 260507s9999||||xx |||||||||||||| ||und||
020 ## - INTERNATIONAL STANDARD BOOK NUMBER
International Standard Book Number 9957162829
040 ## - CATALOGING SOURCE
Transcribing agency fsecg
041 ## - LANGUAGE CODE
Language code of text/sound track or separate title ara
082 ## - DEWEY DECIMAL CLASSIFICATION NUMBER
Classification number 343.7
100 ## - MAIN ENTRY--PERSONAL NAME
Personal name العزاوي، سالم محمد رديعان
Relator term مؤلف
245 #0 - TITLE STATEMENT
Title مسؤولية المنتج في القوانين المدنية و الاتفاقيات الدولية /
Statement of responsibility, etc. سالم محمد رديعان العزاوي
250 ## - EDITION STATEMENT
Edition statement طبعة 1
260 ## - PUBLICATION, DISTRIBUTION, ETC.
Place of publication, distribution, etc. عمان:
Name of publisher, distributor, etc. دار الثقافة للنشر و التوزيع,
Date of publication, distribution, etc. 2008
300 ## - PHYSICAL DESCRIPTION
Extent 400 صفحة؛
Other physical details إيضاحات ؛
Dimensions 24 سم
504 ## - BIBLIOGRAPHY, ETC. NOTE
Bibliography, etc. note بيليوغرافيا ص.393
520 ## - SUMMARY, ETC.
Summary, etc. ينحصر موضوع هذه الدراسة لمسؤولية المنتج في المسؤولية المدنية عن الأضرار التي تصيب المشتري أو الحائز للمنتوج في شخصه أو أمواله "الأضرار الجسمانية والمالية" وتركز على الضرر الجسماني لكونه الأكثر شيوعاً في ميدان المسؤولية عن المنتجات إضافة إلى أنه الضرر الذي ولدت هذه المسؤولية أصلاً من أجل تغطيته، بينما الضرر الذي يصيب الأموال أو الممتلكات لم يدخل في نطاق هذه المسؤولية إلا في السنوات الأحيرة قياساً على الضرر الجسماني من جراء نفس الحادث ولذلك إذا ما أردنا توخي الدقة لتحديد موضوع هذه الدراسة بشكل أدق نقول، بأنها تدرس موضوع (المسؤولية المدنية للمنتج البائع عن الضرر الجسماني الناشئ عن المنتجات الضارة بسبب عيوبها أو طبيعتها الخطرة). تأسيساً على ما تقدم جاءت خطة الرسالة ذات تقسيم ثنائي تتوزع فصولها على بابين قدم لهما بفصل تمهيدي تناول مسؤولية المنتج بوجه عام، وخصص الباب الأول للكلام على التحديد القانوني لبعض المفاهيم القانونية الأساسية في هذه المسؤولية الجديد كالمنتج والمنتوج والعيب في المنتجات، بينما تناول الباب الثاني الأساس القانوني لمسؤولية المنتج.
653 ## - INDEX TERM--UNCONTROLLED
Uncontrolled term الاتفاقيات الدولية
653 ## - INDEX TERM--UNCONTROLLED
Uncontrolled term القانون المدني
942 ## - ADDED ENTRY ELEMENTS (KOHA)
Koha item type كتب
المقتنيات
Withdrawn status Lost status Source of classification or shelving scheme Damaged status Not for loan Home library Current library Date acquired Serial enumeration / chronology Inventory number Total checkouts Full call number Barcode Date last seen Price effective from Koha item type
    Dewey Decimal Classification   NOT LOAN / إعارة داخلية مكتبة كلية العلوم الإقتصادية والعلوم التجارية وعلوم التسيير مكتبة كلية العلوم الإقتصادية والعلوم التجارية وعلوم التسيير 07/05/2026 الطابق الأرضي 3267   أ/2750ن1 3267 07/05/2026 07/05/2026 كتب
    Dewey Decimal Classification   Available مكتبة كلية العلوم الإقتصادية والعلوم التجارية وعلوم التسيير مكتبة كلية العلوم الإقتصادية والعلوم التجارية وعلوم التسيير 07/05/2026 الطابق الأرضي 3268   أ/2750ن2 3268 07/05/2026 07/05/2026 كتب
    Dewey Decimal Classification   Available مكتبة كلية العلوم الإقتصادية والعلوم التجارية وعلوم التسيير مكتبة كلية العلوم الإقتصادية والعلوم التجارية وعلوم التسيير 07/05/2026 الطابق الأرضي 3269   أ/2750ن3 3269 07/05/2026 07/05/2026 كتب
    Dewey Decimal Classification   Available مكتبة كلية العلوم الإقتصادية والعلوم التجارية وعلوم التسيير مكتبة كلية العلوم الإقتصادية والعلوم التجارية وعلوم التسيير 07/05/2026 الطابق الثاني 3270   أ/2750ن4 3270 07/05/2026 07/05/2026 كتب
    Dewey Decimal Classification   Available مكتبة كلية العلوم الإقتصادية والعلوم التجارية وعلوم التسيير مكتبة كلية العلوم الإقتصادية والعلوم التجارية وعلوم التسيير 07/05/2026 الطابق الثاني 3271   أ/2750ن5 3271 07/05/2026 07/05/2026 كتب
    Dewey Decimal Classification   Available مكتبة كلية العلوم الإقتصادية والعلوم التجارية وعلوم التسيير مكتبة كلية العلوم الإقتصادية والعلوم التجارية وعلوم التسيير 07/05/2026 مكتبة بن عكنون 3272   أ/2750ن6 3272 07/05/2026 07/05/2026 كتب
    Dewey Decimal Classification   Available مكتبة كلية العلوم الإقتصادية والعلوم التجارية وعلوم التسيير مكتبة كلية العلوم الإقتصادية والعلوم التجارية وعلوم التسيير 07/05/2026 مكتبة بن عكنون 3273   أ/2750ن7 3273 07/05/2026 07/05/2026 كتب
    Dewey Decimal Classification   Available مكتبة كلية العلوم الإقتصادية والعلوم التجارية وعلوم التسيير مكتبة كلية العلوم الإقتصادية والعلوم التجارية وعلوم التسيير 07/05/2026 مكتبة بن عكنون 3274   أ/2750ن8 3274 07/05/2026 07/05/2026 كتب

موارد الويب المفتوحة


© University of Algiers 3 All Rights Reserved
|
Implemented by LECHELAH Riad